[Event "Challenge"]
[Site "http://www.queenalice.com/game.php?id=1820547"]
[Date "2023.9.9"]
[Round "-"]
[White "jogo"]
[Black "tana"]
[Result "0-1"]
[WhiteElo "1891"]
[BlackElo "1977"]

1. e4 e5 2. Nc3 Nf6 3. f4 d6 4. Nf3 Be7 5. Bb5+ Bd7 6. d4 c6 7. Bd3 O-O 8. fxe5
dxe5 9. Nxe5 Be6 10. O-O Qxd4+ 11. Kh1 Qxe5 12. Bf4 Qh5 13. Be2 Bg4 14. e5 Bxe2
15. Qxe2 Qxe2 16. Nxe2 Nd5 17. Bd2 Nd7 18. c4 N5b6 19. Be3 Nxc4 20. Bf4 Ncxe5
21. Rad1 Bf6 22. Rd2 Rad8 23. Rfd1 g5 24. Bg3 Nc5 25. Rxd8 Bxd8 26. Bxe5 Ne4 27.
Bd4 Bb6 28. Bxb6 axb6 29. Rd4 Re8 30. Kg1 Nf6 31. Kf1 Kg7 32. Ng3 Kg6 33. h3 h5
34. h4 g4 35. Ne2 Nd5 36. Nf4+ Nxf4 37. Rxf4 f5 38. Kf2 Rd8 39. Rb4 b5 40. Ke2
Re8+ 41. Kf2 Re4 42. Rxe4 fxe4 43. Ke3 Kf5 44. g3 c5 45. a3 Ke5 46. b3 Kd5 47.
Ke2 Kd4 48. Kd2 c4 49. bxc4 bxc4 50. a4 e3+ 0-1

[Event "Challenge"]
[Site "http://www.queenalice.com/game.php?id=1820548"]
[Date "2023.9.9"]
[Round "-"]
[White "tana"]
[Black "jogo"]
[Result "1-0"]
[WhiteElo "1994"]
[BlackElo "1893"]

1. d4 Nf6 2. Nf3 g6 3. e3 Bg7 4. Bd3 O-O 5. O-O d6 6. b3 Re8 7. Bb2 Bg4 8. Nbd2
e5 9. dxe5 dxe5 10. e4 Nbd7 11. h3 Bxf3 12. Nxf3 Nh5 13. Bc4 Nb6 14. Bd3 Nf4 15.
Rc1 f6 16. Bb5 c6 17. Bd3 Nd7 18. Bc4+ Kh8 19. Nh4 Nb6 20. Bd3 Bh6 21. Rb1 Nd7
22. Bc4 b5 23. Be2 Nc5 24. Bf3 Qxd1 25. Rbxd1 Rad8 26. Ba3 Rxd1 27. Rxd1 Bf8 28.
Bxc5 Bxc5 29. c3 Kg8 30. Kf1 g5 31. Nf5 Bb6 32. Rd6 Re6 33. Rd7 Re8 34. Bg4 h5
35. Nh6+ Kh8 36. Bf5 Ne6 37. Rh7# 1-0

[Event "Challenge"]
[Site "http://www.queenalice.com/game.php?id=1821344"]
[Date "2023.9.21"]
[Round "-"]
[White "jogo"]
[Black "tana"]
[Result "0-1"]
[WhiteElo "1875"]
[BlackElo "2019"]

1. e4 e5 2. Nc3 d6 3. d4 Be7 4. dxe5 dxe5 5. Qxd8+ Bxd8 6. Be3 Nf6 7. O-O-O O-O
8. Bc4 Nc6 9. Nge2 Bg4 10. f3 Be6 11. Bxe6 fxe6 12. g4 Be7 13. g5 Nh5 14. Rhf1
Nf4 15. h4 Ng2 16. Bf2 Rxf3 0-1

[Event "Challenge"]
[Site "http://www.queenalice.com/game.php?id=1821345"]
[Date "2023.9.21"]
[Round "-"]
[White "tana"]
[Black "jogo"]
[Result "1-0"]
[WhiteElo "1970"]
[BlackElo "1961"]

1. e4 e5 2. Nf3 Nf6 3. Nc3 d6 4. Bb5+ c6 5. Ba4 b5 6. Bb3 Qb6 7. O-O a5 8. a3 a4
9. Ba2 b4 10. Ne2 Nxe4 11. d3 Nc5 12. Be3 b3 13. cxb3 axb3 14. Bb1 Be7 15. Bxc5
dxc5 16. Nxe5 Bf6 17. Nc4 Qd8 18. Qxb3 O-O 19. Ne3 Qc7 20. Ba2 Be6 21. Qc2 Rd8
22. Bxe6 fxe6 23. Rab1 Qd6 24. Ng3 Qxd3 25. Rfd1 Qxc2 26. Rxd8+ Bxd8 27. Nxc2
Nd7 28. Rd1 Kf7 29. Rxd7+ Ke8 30. Rd6 Be7 31. Rxc6 Kd7 32. Rb6 Rc8 33. Rb3 Kc6
34. Re3 Kd7 35. Nh5 g6 36. Nf4 Bg5 37. g3 Bxf4 38. gxf4 Rf8 39. Re4 Rb8 40. b4
cxb4 41. Nxb4 Ra8 42. Re3 Kd6 43. Kg2 Re8 44. Nd3 Ra8 45. Nb2 Rb8 46. Nc4+ Kc5
47. Ne5 Rd8 48. Nf7 Rf8 49. Ng5 Re8 50. Rxe6 Rh8 51. Kf3 Ra8 52. Nxh7 Rxa3+ 53.
Re3 Ra7 54. Ng5 Rd7 55. Re5+ Kc4 56. f5 gxf5 57. Rxf5 Rd3+ 58. Kg2 Rd2 59. h4
Rd4 60. h5 Rg4+ 61. Kf3 Rh4 62. Rf4+ 1-0

[Event "Challenge"]
[Site "http://www.queenalice.com/game.php?id=1821913"]
[Date "2023.9.29"]
[Round "-"]
[White "tana"]
[Black "schuch97"]
[Result "0-1"]
[WhiteElo "2029"]
[BlackElo "2070"]

1. e4 e5 2. Nf3 Nf6 3. d3 d5 4. c3 c5 5. Nbd2 Nc6 6. Be2 Bd6 7. exd5 Nxd5 8. O-O
h5 9. Ne4 f5 10. Nxd6+ Qxd6 11. Ng5 Bd7 12. Bxh5+ g6 13. Bf3 e4 14. dxe4 Qxh2#
0-1

[Event "Challenge"]
[Site "http://www.queenalice.com/game.php?id=1821914"]
[Date "2023.9.29"]
[Round "-"]
[White "schuch97"]
[Black "tana"]
[Result "1-0"]
[WhiteElo "2076"]
[BlackElo "1996"]

1. e4 e5 2. Nf3 Nc6 3. d4 d6 4. d5 Nce7 5. b4 Nf6 6. Be2 Nxe4 7. Bd3 Bf5 8. Nh4
Qd7 9. a4 Nf6 10. Nxf5 Nfxd5 11. Nxe7 Bxe7 12. Bd2 O-O 13. Ra3 h6 14. Qh5 Nf6
15. Qf3 d5 16. Qg3 e4 17. Bxh6 Nh5 18. Qe3 exd3 19. O-O gxh6 20. Qxh6 Qf5 21.
Rxd3 Nf4 22. Rg3+ Ng6 23. Rh3 Nh4 24. Rxh4 Bxh4 25. Qxh4 Rae8 26. Na3 Re4 27.
Qg3+ Qg6 28. Qxc7 Rxb4 29. Re1 Rxa4 30. Re3 Rg4 31. g3 Re4 32. Qxb7 Rxe3 33.
fxe3 Qe6 34. Qxa7 Rd8 35. Qd4 Qe4 36. Qxe4 dxe4 37. Kg2 Ra8 38. Nb5 Kg7 39. Kh3
Ra2 40. Nd4 Ra3 41. Kg4 Rxe3 42. Nf5+ Kf6 43. Nxe3 Ke5 44. h4 Kd4 45. Nf5+ Ke5
46. h5 1-0

[Event "Challenge"]
[Site "http://www.queenalice.com/game.php?id=1821981"]
[Date "2023.9.29"]
[Round "-"]
[White "jogo"]
[Black "tana"]
[Result "1-0"]
[WhiteElo "1944"]
[BlackElo "1986"]

1. e4 e5 2. Nc3 d6 3. d4 Nf6 4. dxe5 dxe5 5. Qxd8+ Kxd8 6. Bg5 Bb4 7. Bc4 Ke7 8.
Ne2 Re8 9. a3 Bxc3+ 10. Nxc3 Be6 11. Bxe6 Kxe6 12. Bxf6 Kxf6 13. Nd5+ Kg6 14.
Nxc7 Nc6 15. Nxa8 Rxa8 16. O-O-O Nd4 17. c3 Ne2+ 18. Kc2 Nf4 19. g3 Ne6 20. Rd7
b6 21. Rhd1 Nc5 22. Rd8 Rxd8 23. Rxd8 Nxe4 24. Ra8 Nxf2 25. Rxa7 e4 26. Kd2 f5
27. Ra6 Kg5 28. Rxb6 Ng4 29. h3 Nf2 30. Ke3 Nxh3 31. c4 Kg4 32. Rb7 g5 33. c5
Kxg3 34. Rb3 f4+ 35. Kxe4+ Kg2 36. c6 g4 37. c7 Ng5+ 38. Kxf4 Ne6+ 39. Kxg4 Nxc7
40. Rb7 Nd5 41. Kg5 Kf3 42. Rxh7 Ke4 43. a4 Nb6 44. b3 Kd3 45. a5 1-0

[Event "Challenge"]
[Site "http://www.queenalice.com/game.php?id=1821982"]
[Date "2023.9.29"]
[Round "-"]
[White "tana"]
[Black "jogo"]
[Result "0-1"]
[WhiteElo "2015"]
[BlackElo "1882"]

1. e4 e5 2. Nf3 Nf6 3. Nc3 Bb4 4. d3 d6 5. Bd2 h6 6. Be2 O-O 7. O-O c6 8. a3
Bxc3 9. Bxc3 c5 10. d4 cxd4 11. Bb4 Nc6 12. c3 a5 13. Bxd6 Qxd6 14. Bd3 Bg4 15.
h3 Be6 16. Qd2 dxc3 17. Qxc3 Rfc8 18. Qd2 Rd8 19. Rad1 Bb3 20. Qe2 Bxd1 21. Rxd1
Nd4 22. Nxd4 Qxd4 23. b3 Rac8 24. Kh2 Rc6 25. Qf3 Rc3 26. Qe2 Rxd3 27. Rxd3 Qxd3
0-1

[Event "Challenge"]
[Site "http://www.queenalice.com/game.php?id=1822232"]
[Date "2023.10.2"]
[Round "-"]
[White "jogo"]
[Black "tana"]
[Result "1-0"]
[WhiteElo "2052"]
[BlackElo "1968"]

1. e4 e5 2. Nc3 Nf6 3. f4 d6 4. Nf3 Be7 5. fxe5 dxe5 6. Nxe5 Bd6 7. Nf3 O-O 8.
Be2 Bc5 9. d4 Bb4 10. Qd3 b6 11. e5 Nd5 12. Bg5 Bxc3+ 13. bxc3 Qd7 14. O-O-O Ba6
15. c4 Nb4 16. Qb3 N4c6 17. d5 Na5 18. Qc3 Qg4 19. Rhg1 Nxc4 20. Rd4 Qf5 21.
Bxc4 h6 22. Bxa6 Nxa6 23. Be3 Nc5 24. Rf4 Qd7 25. Bxc5 bxc5 26. Qxc5 a6 27. Rd1
Rab8 28. Re1 Qb5 29. Qxb5 Rxb5 30. c4 Rb4 31. a3 Rb3 32. e6 fxe6 33. Rxf8+ Kxf8
34. Kc2 Rxa3 35. Kb2 Ra4 36. Kb3 Ra5 37. dxe6 Ke7 38. Nd4 Rg5 39. Nc6+ Ke8 40.
Re2 Rc5 41. Nb4 a5 42. Nd3 Rg5 43. Ne5 Rf5 44. Ka4 Ke7 45. Nc6+ Ke8 46. Nxa5 Rf4
47. Kb5 Rf1 48. Kc6 Ra1 49. Nb3 Ra3 50. Nd4 Rc3 51. c5 Rc1 52. Nb5 1-0

[Event "Challenge"]
[Site "http://www.queenalice.com/game.php?id=1822233"]
[Date "2023.10.2"]
[Round "-"]
[White "tana"]
[Black "jogo"]
[Result "0-1"]
[WhiteElo "1990"]
[BlackElo "1660"]

1. d4 Nf6 2. e3 d5 3. Nf3 Bg4 4. Nbd2 g6 5. h3 Bc8 6. Bd3 Bg7 7. O-O O-O 8. b3
Re8 9. Bb2 b6 10. Bb5 c6 11. Bd3 Ba6 12. Qe2 Bxd3 13. Qxd3 Nbd7 14. Ne5 Nxe5 15.
dxe5 Nd7 16. f4 Nc5 17. Qe2 e6 18. Rad1 Kh8 19. Nc4 Qh4 20. Nd6 Rf8 21. Qg4 Qxg4
22. hxg4 f6 23. exf6 Bxf6 24. Bxf6+ Rxf6 25. b4 Na4 26. Rd4 Rd8 27. b5 Nc5 28.
Nc4 Ne4 29. bxc6 Rc8 30. Ne5 Nc3 31. a3 Ne2+ 32. Kf2 Nxd4 33. exd4 Rxf4+ 34. Ke2
Rxd4 35. Nd3 Rxc6 36. Nb4 Rc8 37. Rf6 Re4+ 38. Kd3 Kg7 39. g5 a5 40. Na2 Rg4 41.
Rxe6 Rg3+ 42. Kd2 Rxg2+ 43. Kd3 Rcxc2 44. Nc3 Rcd2+ 45. Ke3 d4+ 46. Ke4 dxc3 47.
Rxb6 Rxg5 48. Rc6 c2 49. Kf4 Rg1 50. Ke3 Rh2 51. Kd3 c1=Q 52. Rxc1 Rxc1 0-1

[Event "Challenge"]
[Site "http://www.queenalice.com/game.php?id=1822707"]
[Date "2023.10.10"]
[Round "-"]
[White "tana"]
[Black "FLeicher"]
[Result "1-0"]
[WhiteElo "1955"]
[BlackElo "2109"]

1. d4 d5 2. Nf3 Nf6 3. e3 a6 4. Bd3 Nbd7 5. O-O e6 6. b3 Be7 7. Bb2 O-O 8. Nbd2
b6 9. Ne5 Bb7 10. f4 Ne4 11. Nxe4 dxe4 12. Be2 f6 13. Nc4 g6 14. Nd2 f5 15. Bc4
Kf7 16. g4 b5 17. Be2 c5 18. c4 b4 19. dxc5 Nxc5 20. Rc1 Bf6 21. Bxf6 Qxf6 22.
Qe1 fxg4 23. Qg3 h5 24. Rc2 Rad8 25. Qe1 Qe7 26. Nb1 Kg7 27. Qxb4 e5 28. fxe5
Qxe5 29. Qe1 Nd3 30. Qg3 Qxg3+ 31. hxg3 Rxf1+ 32. Bxf1 Ne1 33. Rc1 Nf3+ 34. Kf2
a5 35. Be2 Kf6 36. Rd1 Rxd1 37. Bxd1 g5 38. Nc3 h4 39. Bc2 Kf5 40. Nb5 Ke5 41.
Nc3 h3 42. a3 h2 43. Kg2 Ne1+ 44. Kxh2 Nxc2 45. Nb5 Nxe3 46. c5 Bc6 47. Na7 Kd5
48. b4 axb4 49. axb4 Bd7 50. Kg1 Nf5 51. Kf2 Nd4 52. Ke3 Nb5 53. c6 Bf5 54. Nxb5
1-0

[Event "Challenge"]
[Site "http://www.queenalice.com/game.php?id=1826604"]
[Date "2023.12.5"]
[Round "-"]
[White "jogo"]
[Black "tana"]
[Result "0-1"]
[WhiteElo "1828"]
[BlackElo "1986"]

1. e4 e5 2. Nc3 Nf6 3. f4 d5 4. fxe5 Nxe4 5. Nf3 Be7 6. Qe2 f5 7. d3 Nxc3 8.
bxc3 O-O 9. Qf2 Nc6 10. d4 Qe8 11. Bf4 a6 12. O-O-O Ba3+ 13. Kb1 Na5 14. Bc1 Qa4
15. Bxa3 Qxa3 16. Qd2 Bd7 17. Re1 Bb5 18. Bxb5 axb5 19. Qc1 Qxc3 20. Re3 Qb4+
21. Ka1 Nc4 22. Rb3 Rxa2+ 23. Kxa2 Ra8+ 24. Kb1 Qa4 25. Ra3 Nxa3+ 26. Kb2 Qb4+
0-1

[Event "Challenge"]
[Site "http://www.queenalice.com/game.php?id=1826909"]
[Date "2023.12.11"]
[Round "-"]
[White "jogo"]
[Black "tana"]
[Result "1-0"]
[WhiteElo "1910"]
[BlackElo "1983"]

1. e4 e5 2. Nc3 Nf6 3. f4 d6 4. Nf3 Be7 5. fxe5 dxe5 6. Nxe5 O-O 7. d4 Bd6 8.
Nc4 Nc6 9. Nxd6 cxd6 10. Bg5 h6 11. Bf4 Bg4 12. Be2 Bxe2 13. Qxe2 Nxd4 14. Qd3
Qb6 15. O-O-O Ne6 16. Qxd6 Nxf4 17. Qxf4 Rfd8 18. Rxd8+ Rxd8 19. Rf1 Rd4 20. Qf5
Qe6 21. Qxe6 fxe6 22. Rd1 e5 23. Rxd4 exd4 24. Nb5 a6 25. Nxd4 Nxe4 26. Kd1 Kf7
27. Ke2 Kf6 28. Ke3 Ke5 29. Nf3+ Kd5 30. c4+ Kxc4 31. Kxe4 b5 32. Ne5+ Kc5 33.
a3 b4 34. Nd3+ Kc4 35. Nxb4 a5 36. Nd3 g5 37. Nc1 a4 38. Kf5 Kd4 39. Kg6 Ke3 40.
Kxh6 Kd2 41. Na2 Kc2 42. Nc3 Kxb2 43. Nxa4+ Kxa3 44. Nc5 1-0

[Event "Challenge"]
[Site "http://www.queenalice.com/game.php?id=1826910"]
[Date "2023.12.11"]
[Round "-"]
[White "tana"]
[Black "jogo"]
[Result "1-0"]
[WhiteElo "1961"]
[BlackElo "1788"]

1. e4 e5 2. Nf3 Nf6 3. d3 d6 4. Be2 h6 5. O-O Bg4 6. h3 Be6 7. Nc3 c5 8. Bd2 Be7
9. Nh4 g6 10. Nf3 Nc6 11. Nh2 Nd4 12. Bg4 Bxg4 13. Nxg4 Nxg4 14. hxg4 Bg5 15.
Nd5 Bxd2 16. Qxd2 1-0

[Event "Challenge"]
[Site "http://www.queenalice.com/game.php?id=1828505"]
[Date "2024.1.5"]
[Round "-"]
[White "jogo"]
[Black "tana"]
[Result "0-1"]
[WhiteElo "2047"]
[BlackElo "1964"]

1. e4 e5 2. Nf3 d6 3. Bc4 Nf6 4. d3 Be7 5. Ng5 O-O 6. f4 Bg4 7. Nf3 Nbd7 8. O-O
Nb6 9. Bb3 c6 10. h3 Be6 11. Bxe6 fxe6 12. Ng5 Qd7 13. a3 h6 14. fxe5 dxe5 15.
Nf3 Bd6 16. Be3 Na4 17. b3 Nc5 18. b4 Na6 19. Qe1 Nc7 20. Qg3 Nh5 21. Qg4 Nf4
22. Nbd2 Ne8 23. g3 Nf6 24. Qh4 Ng6 25. Qxf6 Rxf6 26. Rad1 Bc7 27. Nc4 b5 28.
Ncd2 Bb6 29. Rde1 Bxe3+ 30. Rxe3 Raf8 31. Kg2 a6 32. Nb3 Qa7 33. Nc5 R8f7 34.
Ree1 a5 35. Ra1 axb4 36. axb4 Qxa1 37. Rxa1 Rxf3 38. Nxe6 Rf2+ 39. Kg1 Rxc2 40.
Ra8+ Kh7 41. Nc5 Rff2 42. Ne6 Rfd2 0-1

[Event "Challenge"]
[Site "http://www.queenalice.com/game.php?id=1828506"]
[Date "2024.1.5"]
[Round "-"]
[White "tana"]
[Black "jogo"]
[Result "1-0"]
[WhiteElo "1983"]
[BlackElo "2106"]

1. d4 Nf6 2. e3 d5 3. Bd3 Bg4 4. Nf3 c5 5. h3 Bxf3 6. Qxf3 c4 7. Be2 Nc6 8. O-O
e5 9. dxe5 Nxe5 10. Qg3 Ng6 11. f4 Ne4 12. Qh2 Bd6 13. Rd1 Qh4 14. Rf1 Ne7 15.
Nc3 O-O-O 16. Nxe4 dxe4 17. Bd2 b5 18. b3 Nf5 19. Be1 Qe7 20. Bf2 Qe6 21. Bg4
Qf6 22. Bxf5+ Qxf5 23. Bh4 f6 24. g4 Qe6 25. Qe2 h6 26. Rad1 Bc5 27. f5 Qb6 28.
Bf2 Rxd1 29. Rxd1 cxb3 30. axb3 Rd8 31. Rxd8+ Kxd8 32. Qd2+ Qd6 33. Qa5+ Qb6 34.
Qd2+ Qd6 35. Qe1 Bb4 36. Qe2 Qa6 37. Kg2 Qc6 38. h4 a6 39. g5 hxg5 40. hxg5 fxg5
41. Qg4 Qh6 42. Qxe4 Bd6 43. Qa8+ Ke7 44. Qb7+ 1-0

[Event "AUTO-ADV-4769"]
[Site "http://www.queenalice.com/game.php?id=1832029"]
[Date "2024.2.22"]
[Round "1"]
[White "SGF"]
[Black "tana"]
[Result "0-1"]
[WhiteElo "1795"]
[BlackElo "2022"]

1. e4 e5 2. Qf3 Nc6 3. c3 Nf6 4. d3 Bc5 5. Bg5 h6 6. Qh3 d6 7. Qh4 Ke7 8. Bxf6+
gxf6 9. Nd2 Be6 10. b4 Bb6 11. a4 a5 12. b5 Nb8 13. Ngf3 Nd7 14. Nc4 Bxc4 15.
dxc4 Qg8 16. g4 Qg6 17. Bd3 Nc5 18. Bc2 Nxe4 19. Ke2 Nxc3+ 20. Kd2 Ne4+ 21. Kc1
Bxf2 22. Bxe4 Be3+ 23. Nd2 Bxd2+ 24. Kxd2 Qxe4 25. Rac1 Rag8 26. h3 Qf4+ 27. Kc2
Qxc4+ 28. Kb1 Qb3+ 29. Ka1 Qxa4+ 30. Kb2 Qxb5+ 31. Kc2 a4 32. Rb1 Qe2+ 33. Kc1
Rb8 34. Rb2 Qe3+ 35. Rd2 a3 36. Re1 Qc3+ 37. Rc2 Qa1+ 38. Kd2 Qd4+ 39. Kc1 c5
40. Rd1 Qb4 41. Qe1 Qxe1 42. Rxe1 Ra8 43. Ra2 b5 44. Re3 b4 45. Kb1 Rhb8 46. Kc2
b3+ 47. Rxb3 Rxb3 48. Kxb3 d5 49. h4 Ke6 50. Rxa3 Rxa3+ 51. Kxa3 e4 52. Kb3 Ke5
53. h5 Kf4 54. Ka4 e3 55. Kb5 e2 56. Kxc5 e1=Q 57. Kxd5 Qe4+ 58. Kd6 Qe5+ 59.
Kd7 Qe6+ 60. Kd8 Ke5 61. Kc7 Qd6+ 62. Kc8 Qe7 63. Kb8 Kd6 64. Ka8 Kc6 65. Kb8
Qb7# 0-1

[Event "AUTO-ADV-4769"]
[Site "http://www.queenalice.com/game.php?id=1832030"]
[Date "2024.2.22"]
[Round "1"]
[White "tana"]
[Black "SGF"]
[Result "1-0"]
[WhiteElo "2014"]
[BlackElo "1803"]

1. d4 e6 2. Nf3 f6 3. e3 Bb4+ 4. Nbd2 a5 5. Bd3 d5 6. O-O g5 7. a3 Bxd2 8. Bxd2
h5 9. b4 axb4 10. axb4 Rxa1 11. Qxa1 Nc6 12. Bg6+ Ke7 13. Bd3 g4 14. b5 gxf3 15.
g3 h4 16. Qa3+ Qd6 17. Qxd6+ cxd6 18. bxc6 bxc6 19. Ra1 Nh6 20. e4 dxe4 21. Bxe4
hxg3 22. hxg3 Ng4 23. Bxf3 f5 24. Bg5+ Kd7 25. Ra7+ Ke8 26. Bxc6+ Kf8 27. c4 Rh5
28. Be7+ Kg8 29. Ra8 Kf7 30. Bxd6 Rh8 31. Ra7+ Kf6 32. f3 Ne3 33. Be5+ Kg6 34.
Bxh8 Nxc4 35. Be8+ Kh6 36. f4 Nd6 37. Bd7 Bxd7 38. Rxd7 Ne4 39. Re7 Nxg3 40.
Rxe6+ Kh7 41. Be5 Ne4 42. d5 Nc5 43. Rf6 Nd3 44. d6 Nxe5 45. Rxf5 Nf3+ 46. Kf2
Nd4 47. Rd5 Nc6 48. Rg5 Kh6 49. d7 Kh7 50. f5 Kh6 51. Rg2 Kh5 52. f6 Nd8 53. Kf3
Kh6 54. Kf4 Kh7 55. Ke5 Kh6 56. Kd6 Kh7 57. Ke7 Nc6+ 58. Ke8 Kh6 59. d8=Q Nxd8
60. Kxd8 Kh5 61. f7 Kh4 62. f8=Q Kh3 63. Qg8 Kh4 64. Qh8# 1-0

[Event "AUTO-ADV-4769"]
[Site "http://www.queenalice.com/game.php?id=1832045"]
[Date "2024.2.22"]
[Round "1"]
[White "tana"]
[Black "Spessatto"]
[Result "1-0"]
[WhiteElo "2004"]
[BlackElo "1843"]

1. d4 d5 2. Nf3 h6 3. e3 Bf5 4. Bd3 e6 5. O-O Nf6 6. Nbd2 Bxd3 7. cxd3 c6 8. b3
Bd6 9. Bb2 Nbd7 10. Ne5 O-O 11. Ndf3 Nh7 12. Qc1 Ng5 13. Nxg5 hxg5 14. e4 Be7
15. f4 gxf4 16. Qxf4 Bd6 17. Rf3 f6 18. Qg4 Bxe5 19. dxe5 fxe5 20. Qxe6+ 1-0

[Event "AUTO-ADV-4769"]
[Site "http://www.queenalice.com/game.php?id=1832046"]
[Date "2024.2.22"]
[Round "1"]
[White "Spessatto"]
[Black "tana"]
[Result "0-1"]
[WhiteElo "1794"]
[BlackElo "2029"]

1. d4 d5 2. Bf4 Nc6 3. e3 Nf6 4. h3 Bf5 5. c3 e6 6. Nf3 Bd6 7. Ne5 Bxe5 8. dxe5
Ne4 9. Bd3 O-O 10. O-O Ne7 11. Nd2 Ng6 12. Bh2 Nh4 13. Nf3 Nxf3+ 14. gxf3 Qg5+
15. Kh1 Bxh3 16. Bg3 Nxg3+ 17. fxg3 Bxf1 18. Qxf1 Qxg3 19. Qe2 Qxe5 20. Kg2 f5
21. f4 Qf6 22. Rh1 c5 23. Kf2 c4 24. Bc2 e5 25. fxe5 Qxe5 26. Qf1 f4 27. Bxh7+
Kf7 28. Qh3 Ke7 29. Ke2 Qxe3+ 30. Qxe3+ fxe3 31. Bg6 Rf6 32. Bc2 Rf2+ 33. Kd1
Raf8 0-1

[Event "AUTO-ADV-4769"]
[Site "http://www.queenalice.com/game.php?id=1832047"]
[Date "2024.2.22"]
[Round "1"]
[White "tana"]
[Black "Castling"]
[Result "1-0"]
[WhiteElo "2038"]
[BlackElo "1599"]

1. d4 d5 2. Nf3 h6 3. e3 a6 4. Bd3 Nc6 5. O-O Nf6 6. b3 Bg4 7. Nbd2 e5 8. h3 Bh5
9. Qe1 e4 10. Be2 exf3 11. Nxf3 Bd6 12. Bb2 Qe7 13. Nh4 Bxe2 14. Qxe2 Qe4 15.
Nf3 O-O-O 16. Rac1 Nd7 17. Nd2 Qe6 18. c4 Nb4 19. a3 Nc6 20. f4 g5 21. fxg5 hxg5
22. Rf3 f5 23. Qd3 f4 24. e4 dxe4 25. Nxe4 Qg8 26. Nxd6+ cxd6 27. Qf5 Ne7 28.
Qe4 Nc6 29. b4 Nf6 30. Qf5+ Nd7 31. b5 Ne7 32. Qc2 a5 33. c5 Nd5 34. c6 Ne3 35.
Qc3 Nc5 36. dxc5 bxc6 37. Qxa5 Kd7 38. bxc6+ Kxc6 39. Qb6+ Kd7 40. Qxd6+ Ke8 41.
Qc6+ Kf8 42. Qf6+ Ke8 43. Qxh8 Qxh8 44. Bxh8 Kd7 45. Bf6 Rg8 46. Rf2 Kc6 47. Rb2
Nd5 48. Bd4 g4 49. Kf2 gxh3 50. gxh3 Rg3 51. a4 Rxh3 52. Rbb1 Ra3 53. Rc4 Ra2+
54. Kf3 Rd2 55. Be5 Rd3+ 56. Ke2 Re3+ 57. Kf2 f3 58. Re1 Rxe1 59. Kxe1 Ne7 60.
Bd6 Nd5 61. Kf2 1-0

[Event "AUTO-ADV-4769"]
[Site "http://www.queenalice.com/game.php?id=1832048"]
[Date "2024.2.22"]
[Round "1"]
[White "Castling"]
[Black "tana"]
[Result "0-1"]
[WhiteElo "1670"]
[BlackElo "2036"]

1. e4 e5 2. Bc4 Nc6 3. Nf3 Bc5 4. a3 Nf6 5. d3 Ng4 6. Be3 Bxe3 7. fxe3 Nxe3 8.
Qd2 Nxc4 9. dxc4 O-O 10. Nc3 d6 11. h3 Be6 12. Qd3 Qf6 13. Nd5 Bxd5 14. cxd5 Ne7
15. O-O-O Ng6 16. g3 Rac8 17. c4 c5 18. dxc6 Rxc6 19. Rhf1 Qe6 20. b3 b5 21. Ng5
Qe7 22. Qd5 Rc5 23. Qd2 bxc4 24. b4 c3 25. Qc2 Qxg5+ 26. Kb1 Rc6 27. Rd3 Rfc8
28. h4 Qd8 29. Rff3 h5 30. Rxc3 Rxc3 31. Rxc3 Rxc3 32. Qxc3 Qb6 33. Qc8+ Kh7 34.
Qf5 Qg1+ 35. Kb2 Qxg3 36. Qxh5+ Kg8 37. Qg5 Qxg5 38. hxg5 Ne7 39. Kc3 Nc8 40.
Kc4 Kf8 41. Kd5 Ke7 42. a4 Kd7 43. a5 f6 44. gxf6 gxf6 45. b5 Ne7+ 46. Kc4 d5+
47. Kd3 Kd6 48. exd5 Kxd5 49. b6 axb6 50. a6 Nc6 51. Ke3 f5 0-1

[Event "AUTO-ADV-4769"]
[Site "http://www.queenalice.com/game.php?id=1839257"]
[Date "2024.6.26"]
[Round "2"]
[White "tana"]
[Black "BeatifulDevil56"]
[Result "0-1"]
[WhiteElo "2040"]
[BlackElo "1918"]

1. d4 d5 2. Nf3 Nc6 3. e3 e6 4. Bd3 Bd6 5. O-O Nf6 6. b3 Bd7 7. Bb2 Qe7 8. Nbd2
e5 9. dxe5 Nxe5 10. Nxe5 Bxe5 11. Bxe5 Qxe5 12. Nf3 Qd6 13. Re1 O-O 14. c4 c6
15. h3 Qc7 16. Qc2 g6 17. e4 dxe4 18. Bxe4 Nxe4 19. Rxe4 Bf5 20. Ng5 Bxe4 21.
Nxe4 f5 22. Ng5 Qe5 23. Rd1 Rad8 24. h4 Rd4 25. Rxd4 Qxd4 26. Ne6 Qa1+ 27. Kh2
Qe5+ 28. Nf4 Qxf4+ 29. g3 Qf3 30. c5 Re8 31. Qc4+ Kf8 32. Qf1 Re2 33. Kg1 Rxa2
34. b4 Rd2 0-1

[Event "AUTO-ADV-4769"]
[Site "http://www.queenalice.com/game.php?id=1839258"]
[Date "2024.6.26"]
[Round "2"]
[White "BeatifulDevil56"]
[Black "tana"]
[Result "1-0"]
[WhiteElo "1966"]
[BlackElo "2019"]

1. c4 e5 2. Nc3 Nf6 3. e4 Be7 4. d3 O-O 5. f4 d6 6. f5 Nc6 7. g4 Nd4 8. Nf3 Nxg4
9. Nxd4 exd4 10. Ne2 Bg5 11. Nf4 Ne3 12. Bxe3 dxe3 13. Ne2 Qf6 14. Qc2 Bd7 15.
O-O-O a6 16. Qc3 Qe7 17. Kb1 Bf6 18. Qc2 Qe5 19. Nc3 b5 20. cxb5 axb5 21. Nd5
Bg5 22. Be2 c5 23. Qc3 Qe8 24. Nc7 Bf6 25. Qc1 Qb8 26. Nd5 Qa7 27. Nxf6+ gxf6
28. a3 b4 29. d4 bxa3 30. Rd3 a2+ 31. Ka1 cxd4 32. Qc4 Qc5 33. Qxd4 Bb5 34. Rg1+
1-0

[Event "Challenge"]
[Site "http://www.queenalice.com/game.php?id=1839278"]
[Date "2024.6.27"]
[Round "-"]
[White "tana"]
[Black "almiradm87"]
[Result "1-0"]
[WhiteElo "2001"]
[BlackElo "1804"]

1. d4 Nf6 2. e3 g6 3. Nf3 Bg7 4. Bd3 O-O 5. O-O d5 6. Nbd2 Nc6 7. b3 Nb4 8. Be2
Bf5 9. a3 Nxc2 10. Ra2 c6 11. Rxc2 Bxc2 12. Qxc2 Qa5 13. Ne5 Qc7 14. a4 a6 15.
Ndf3 a5 16. Ba3 Ne4 17. Bd3 Nd6 18. h3 f6 19. Ng4 f5 20. Nge5 Nf7 21. Nxf7 Rxf7
22. Ng5 Rff8 23. Ne6 Qd7 24. Nxf8 Bxf8 25. Bc5 e6 26. Bxf8 Rxf8 27. Qc5 Qc7 28.
f3 b6 29. Qc3 Qg3 30. Qxc6 1-0